|
|
|
|
| LEADER |
00879nam a2200217 a 4500 |
| 001 |
4819203 |
| 008 |
100118s1990 nyua f 001 0 eng d |
| 010 |
|
|
|a 89039982
|
| 020 |
|
|
|a 0816020957 (alk. paper)
|
| 040 |
|
|
|a DLC
|c DLC
|d DLC
|d DB-DhAAL
|
| 082 |
0 |
0 |
|a 640/.28/9
|2 20
|
| 100 |
1 |
|
|a Altman, Roberta.
|
| 245 |
1 |
4 |
|a The complete book of home environmental hazards /
|c Roberta Altman.
|
| 260 |
|
|
|a New York :
|b Facts on File Publications,
|c c1990.
|
| 300 |
|
|
|a xiv, 290 p. :
|b ill. ;
|c 24 cm.
|
| 541 |
1 |
|
|e 00004890
|
| 650 |
|
0 |
|a Dwellings
|x Environmental engineering
|v Amateurs' manuals.
|
| 650 |
|
0 |
|a Pollutants
|v Amateurs' manuals.
|
| 852 |
4 |
|
|a Ayesha Abed Library
|j General Shelf.
|
| 999 |
|
|
|c 7076
|d 7076
|
| 952 |
|
|
|0 0
|1 0
|2 ddc
|4 0
|6 640_289000000000000_ALT_1990
|7 0
|9 7348
|a BRACUL
|b BRACUL
|c GEN
|d 2010-01-21
|g 0.00
|l 0
|o 640.289 ALT
|p 3010004890
|r 2010-01-21
|t 1
|w 2010-01-21
|y BK
|z Not price in Register
|